Most Points For Each Day Of The 2019-20 NBA Regular Season - Statistics

General Stats
  • This quiz has been taken 23 times
  • The average score is 30 of 47
Answer Stats
Team Player Days Led % Correct
Milwaukee Bucks Giannis Antetokounmpo 8
100%
Los Angeles Lakers LeBron James 3
100%
Denver Nuggets Nikola Jokić 2
100%
Los Angeles Lakers Anthony Davis 8
95%
Portland Trail Blazers Damian Lillard 10
95%
Phoenix Suns Devin Booker 8
95%
Houston Rockets James Harden 24
95%
Los Angeles Clippers Kawhi Leonard 5
95%
Dallas Mavericks Luka Dončić 9
95%
Atlanta Hawks Trae Young 16
95%
Denver Nuggets Jamal Murray 1
91%
Boston Celtics Jayson Tatum 3
91%
Washington Wizards Bradley Beal 7
86%
Toronto Raptors Pascal Siakam 4
86%
Milwaukee Bucks Khris Middleton 2
82%
Brooklyn Nets Kyrie Irving 4
82%
Los Angeles Clippers Paul George 1
82%
Houston Rockets Russell Westbrook 4
82%
Portland Trail Blazers CJ McCollum 2
77%
Utah Jazz Donovan Mitchell 3
77%
Boston Celtics Jaylen Brown 1
77%
Minnesota Timberwolves Karl-Anthony Towns 2
77%
Oklahoma City Thunder Shai Gilgeous-Alexander 1
77%
Chicago Bulls Zach LaVine 5
77%
Toronto Raptors Kyle Lowry 1
68%
Houston Rockets Eric Gordon 1
64%
New Orleans Pelicans Brandon Ingram 1
59%
Toronto Raptors Fred VanVleet 1
55%
Cleveland Cavaliers Tristan Thompson 1
55%
Memphis Grizzlies Jaren Jackson Jr. 1
50%
Denver Nuggets Michael Porter Jr. 1
50%
Golden State Warriors D'Angelo Russell 1
45%
Philadelphia 76ers Tobias Harris 2
45%
Cleveland Cavaliers Collin Sexton 1
41%
Brooklyn Nets Caris LeVert 2
36%
Boston Celtics Gordon Hayward 1
36%
New Orleans Pelicans Jrue Holiday 1
36%
San Antonio Spurs LaMarcus Aldridge 2
36%
Toronto Raptors Norman Powell 1
36%
Charlotte Hornets Terry Rozier 2
36%
Utah Jazz Bojan Bogdanovic 1
32%
Indiana Pacers T.J. Warren 3
32%
Brooklyn Nets Spencer Dinwiddie 2
27%
Miami Heat Kendrick Nunn 1
9%
Phoenix Suns Aron Baynes 1
5%
Sacramento Kings Nemanja Bjelica 1
5%
Oklahoma City Thunder Hamidou Diallo 1
0%
No matching quizzes found
Score Distribution
Percent of People with Each Score
Percentile by Number Answered
Your Score History
You have not taken this quiz